| 000 | 01521cam a22004454i 4500 | ||
|---|---|---|---|
| 003 | PE-LiUPU | ||
| 005 | 20250731173513.0 | ||
| 008 | 150616s r 000 0 d | ||
| 035 | _a(Sirsi) a7726 | ||
| 040 |
_aPE-LiUPU _bspa _cPE-LiUPU _erda |
||
| 049 | _aPRUA | ||
| 082 | 0 | 4 |
_a231.3 _bP13 _221 |
| 100 | 1 |
_aPache, René, _eautor. |
|
| 245 | 1 | 3 | _aLa Personne et I'Oeuvre du Saint-Esprit. |
| 264 | 1 |
_aLausanne : _bEditions "Emmaüs", _c1947. |
|
| 300 |
_a235 páginas ; _c20 cm. |
||
| 336 |
_atext _2rdacontent |
||
| 337 |
_aunmediated _2rdamedia |
||
| 338 |
_avolume _2rdacarrier |
||
| 505 | 0 | _aQui esst le saint-esprit?.- L'oeuvre du saint-esprit despuis la pentecote daans le coeur de I'homme.- Le saint-esprit et le service.- L'oeuvre future de I'Esprit. | |
| 526 | _aSEG42 | ||
| 526 | _aSEG41 | ||
| 526 | _aSEG40 | ||
| 526 | _aSEG39 | ||
| 526 | _aP94 | ||
| 526 | _aP87 | ||
| 526 | _aP86 | ||
| 526 | _aP85 | ||
| 526 | _aP77 | ||
| 526 | _aP76 | ||
| 526 | _aP35 | ||
| 650 | 0 | 4 | _aESPIRITU SANTO - DOCTRINA. |
| 910 |
_ajck _bjvq _cjck |
||
| 942 |
_2ddc _cBOOK |
||
| 949 |
_a231.3 P13 _wDEWEY _c1 _i41337 _lCCODEBUL1 _mBUL _p00.00 _r0 _sY _tBOOK _u19960603 _xTEOLOGIA _zUNKNOWN _0COMPRA _o.STAFF. Colección General |
||
| 994 |
_aC0 _bPEPRU |
||
| 596 | _a1 | ||
| 999 |
_a231.3 P13 _wDEWEY _c59001 _i41337 _f2021-11-11 _g6 _lCCODEBUL1 _mBUL _r0 _sY _tBOOK _u2015-6-16 _xTEOLOGIA _zUNKNOWN _0COMPRA _o.STAFF. Colección General _d59001 |
||
| 980 |
_81 _gALBERTO SANCHEZ Responsable de Automatización |
||